Theoretical Aspect of Correlation between Economic Growth and Unemployment
Korelácia medzi objemom práce (zamestnanosťou) a veľkosťou hrubého domáceho produktu. Práca je jedným zo zdrojov ekonomického rastu. Okunov zákon.
Gespeichert in:
| 1. Verfasser: | |
|---|---|
| Format: | Buchkapitel |
| Sprache: | Englisch |
| Schlagworte: | |
| Tags: |
Keine Tags, Fügen Sie das erste Tag hinzu!
|
MARC
| LEADER | 00000naa a2200000 4500 | ||
|---|---|---|---|
| 001 | 0216297 | ||
| 005 | 20240502083542.8 | ||
| 041 | 0 | |a eng | |
| 044 | |a UA | ||
| 245 | 1 | 0 | |a Theoretical Aspect of Correlation between Economic Growth and Unemployment |c Marta Martincová |
| 520 | |a Korelácia medzi objemom práce (zamestnanosťou) a veľkosťou hrubého domáceho produktu. Práca je jedným zo zdrojov ekonomického rastu. Okunov zákon. | ||
| 610 | 2 | 0 | |a rast hospodársky |
| 610 | 2 | 0 | |a zamestnanosť |
| 610 | 2 | 0 | |a produkt domáci hrubý |
| 610 | 2 | 0 | |a nezamestnanosť |
| 610 | 2 | 0 | |a korelácia |
| 610 | 2 | 0 | |a práca |
| 100 | 1 | |a Martincová, Marta, 1955- | |